Statistics for Countries With Ratites

Click here to take the quiz!

General Stats

  • This quiz has been taken 40 times
  • The average score is 22 of 34

Answer Stats

RatitesCountry% Correct
CassowaryAustralia
96%
EmuAustralia
96%
KiwiNew Zealand
96%
OstrichSouth Africa
92%
OstrichKenya
88%
RheaArgentina
85%
CassowaryPapua New Guinea
85%
OstrichEthiopia
81%
OstrichTanzania
81%
RheaBrazil
77%
OstrichDemocratic Republic of the Congo
77%
CassowaryIndonesia
77%
OstrichNamibia
77%
OstrichZambia
77%
OstrichZimbabwe
77%
OstrichBotswana
73%
OstrichSomalia
73%
OstrichSudan
73%
OstrichChad
69%
OstrichAngola
65%
RheaChile
65%
RheaPeru
65%
RheaBolivia
62%
RheaParaguay
62%
RheaUruguay
62%
OstrichCentral African Republic
58%
OstrichCameroon
54%
OstrichMorocco
31%
OstrichSenegal
31%
RheaUnited Kingdom
27%
OstrichSaudi Arabia
23%
OstrichTunisia
23%
RheaGermany
15%
OstrichIsrael
12%

Score Distribution

Percentile by Number Answered

Percent of People with Each Score

Your Score History

You have not taken this quiz